|
|
|
|
| LEADER |
01841nam a2200469 i 4500 |
| 001 |
EBC1595477 |
| 003 |
MiAaPQ |
| 005 |
20200520144314.0 |
| 006 |
m o d | |
| 007 |
cr cnu|||||||| |
| 008 |
140110s2014 enk ob 001 0 eng|d |
| 020 |
|
|
|z 9781780325590
|
| 020 |
|
|
|a 9781780329727
|q (electronic bk.)
|
| 035 |
|
|
|a (MiAaPQ)EBC1595477
|
| 035 |
|
|
|a (Au-PeEL)EBL1595477
|
| 035 |
|
|
|a (CaPaEBR)ebr10824178
|
| 035 |
|
|
|a (CaONFJC)MIL560193
|
| 035 |
|
|
|a (OCoLC)868489481
|
| 040 |
|
|
|a MiAaPQ
|b eng
|e rda
|e pn
|c MiAaPQ
|d MiAaPQ
|
| 043 |
|
|
|a d------
|
| 050 |
|
4 |
|a HC59.7
|b .C43 2014
|
| 082 |
0 |
|
|a 258
|2 23
|
| 100 |
1 |
|
|a Chang, Ha-Joon.
|
| 245 |
1 |
0 |
|a Reclaiming development :
|b an alternative economic policy manual /
|c Ha-Joon Chang and Ilene Grabel ; with a foreword by Robert H. Wade.
|
| 250 |
|
|
|a [Second edition].
|
| 264 |
|
1 |
|a London [England] :
|b Zed Books,
|c 2014.
|
| 300 |
|
|
|a 1 online resource (258 pages).
|
| 336 |
|
|
|a text
|2 rdacontent
|
| 337 |
|
|
|a computer
|2 rdamedia
|
| 338 |
|
|
|a online resource
|2 rdacarrier
|
| 490 |
0 |
|
|a Critique, influence, change
|
| 504 |
|
|
|a Includes bibliographical references and index.
|
| 505 |
0 |
|
|a part I. Myths and realities about development -- part II. Economic policy alternatives.
|
| 588 |
|
|
|a Description based on online resource; title from PDF title page (ebrary, viewed January 10, 2014).
|
| 590 |
|
|
|a Electronic reproduction. Ann Arbor, MI : ProQuest, 2015. Available via World Wide Web. Access may be limited to ProQuest affiliated libraries.
|
| 650 |
|
0 |
|a Economic development.
|
| 651 |
|
0 |
|a Developing countries
|x Economic policy.
|
| 655 |
|
4 |
|a Electronic books.
|
| 700 |
1 |
|
|a Grabel, Ilene.
|
| 700 |
1 |
|
|a Wade, Robert H.
|
| 797 |
2 |
|
|a ProQuest (Firm)
|
| 856 |
4 |
0 |
|u https://ebookcentral.proquest.com/lib/matrademy/detail.action?docID=1595477
|z Click to View
|